[Event "Priit Leito Memorial Tournament"]
[Site "Tallinn, Paul Keres Chess House, Estonia"]
[Date "2023.02.04"]
[Round "5.5"]
[White "Volodin, Aleksandr"]
[Black "Agafonov, Yuri"]
[Result "1-0"]
[TimeControl " Rapid: 15 minutes for game with 3 seconds increment from move 1"]
[WhiteTitle "GM"]
[WhiteElo "2471"]
[BlackElo "2083"]

1. d4 {

[%clk 00:15:04]

} {

[%emt 00:00:02]

} f5 {

[%clk 00:15:03]

} {

[%emt 00:00:03]

} 2. c4 {

[%clk 00:15:04]

} {

[%emt 00:00:03]

} Nf6 {

[%clk 00:15:05]

} {

[%emt 00:00:01]

} 3. Nf3 {

[%clk 00:15:05]

} {

[%emt 00:00:01]

} b6 {

[%clk 00:15:08]

} 4. g3 {

[%clk 00:14:16]

} {

[%emt 00:00:52]

} Bb7 {

[%clk 00:15:10]

} {

[%emt 00:00:01]

} 5. Bg2 {

[%clk 00:14:18]

} e6 {

[%clk 00:15:09]

} {

[%emt 00:00:03]

} 6. O-O {

[%clk 00:14:18]

} {

[%emt 00:00:03]

} Be7 {

[%clk 00:15:03]

} {

[%emt 00:00:09]

} 7. Nc3 {

[%clk 00:14:17]

} {

[%emt 00:00:04]

} O-O {

[%clk 00:15:02]

} {

[%emt 00:00:05]

} 8. a3 {

[%clk 00:14:17]

} {

[%emt 00:00:03]

} Ne4 {

[%clk 00:14:55]

} {

[%emt 00:00:09]

} 9. Qd3 {

[%clk 00:14:08]

} {

[%emt 00:00:13]

} Nxc3 {

[%clk 00:14:51]

} {

[%emt 00:00:07]

} 10. Qxc3 {

[%clk 00:14:08]

} {

[%emt 00:00:02]

} Bf6 {

[%clk 00:14:52]

} {

[%emt 00:00:02]

} 11. b4 {

[%clk 00:13:56]

} {

[%emt 00:00:15]

} Be4 {

[%clk 00:14:48]

} {

[%emt 00:00:07]

} 12. c5 {

[%clk 00:13:05]

} {

[%emt 00:00:54]

} bxc5 {

[%clk 00:13:48]

} {

[%emt 00:01:03]

} 13. Qxc5 {

[%clk 00:12:57]

} {

[%emt 00:00:11]

} Nc6 {

[%clk 00:13:17]

} {

[%emt 00:00:34]

} 14. Bb2 {

[%clk 00:12:48]

} {

[%emt 00:00:11]

} d6 {

[%clk 00:12:50]

} {

[%emt 00:00:30]

} 15. Qc4 {

[%clk 00:11:44]

} {

[%emt 00:01:07]

} Qd7 {

[%clk 00:11:55]

} {

[%emt 00:00:57]

} 16. Rac1 {

[%clk 00:11:37]

} {

[%emt 00:00:10]

} Rfc8 {

[%clk 00:11:41]

} {

[%emt 00:00:18]

} 17. Rfd1 {

[%clk 00:11:31]

} {

[%emt 00:00:09]

} Ne7 {

[%clk 00:11:41]

} {

[%emt 00:00:03]

} 18. Ne5 {

[%clk 00:11:05]

} {

[%emt 00:00:29]

} Bxe5 {

[%clk 00:11:14]

} {

[%emt 00:00:31]

} 19. Bxe4 {

[%clk 00:10:57]

} {

[%emt 00:00:10]

} fxe4 {

[%clk 00:10:06]

} {

[%emt 00:01:11]

} 20. dxe5 {

[%clk 00:10:58]

} {

[%emt 00:00:02]

} d5 {

[%clk 00:10:08]

} 21. Qxe4 {

[%clk 00:10:57]

} {

[%emt 00:00:05]

} a5 {

[%clk 00:08:51]

} {

[%emt 00:01:21]

} 22. Qg4 {

[%clk 00:10:53]

} {

[%emt 00:00:06]

} Rab8 {

[%clk 00:08:05]

} {

[%emt 00:00:50]

} 23. Rc5 {

[%clk 00:10:26]

} {

[%emt 00:00:29]

} axb4 {

[%clk 00:08:06]

} {

[%emt 00:00:03]

} 24. axb4 {

[%clk 00:10:28]

} c6 {

[%clk 00:08:08]

} 25. Bc1 {

[%clk 00:09:29]

} {

[%emt 00:01:02]

} Rb5 {

[%clk 00:07:59]

} {

[%emt 00:00:12]

} 26. Rc2 {

[%clk 00:09:04]

} {

[%emt 00:00:28]

} c5 {

[%clk 00:07:35]

} {

[%emt 00:00:27]

} 27. bxc5 {

[%clk 00:08:49]

} {

[%emt 00:00:18]

} Rbxc5 {

[%clk 00:07:35]

} {

[%emt 00:00:03]

} 28. Rxc5 {

[%clk 00:08:46]

} {

[%emt 00:00:06]

} Rxc5 {

[%clk 00:07:37]

} {

[%emt 00:00:01]

} 29. Ba3 {

[%clk 00:08:47]

} {

[%emt 00:00:01]

} Rc8 {

[%clk 00:05:44]

} {

[%emt 00:01:57]

} 30. e4 {

[%clk 00:07:41]

} {

[%emt 00:01:09]

} Rc4 {

[%clk 00:02:34]

} {

[%emt 00:03:13]

} 31. Qe2 {

[%clk 00:07:43]

} {

[%emt 00:00:01]

} Ra4 {

[%clk 00:00:22]

} {

[%emt 00:02:15]

} 32. Bxe7 {

[%clk 00:07:31]

} {

[%emt 00:00:15]

} Qxe7 {

[%clk 00:00:24]

} {

[%emt 00:00:01]

} 33. exd5 {

[%clk 00:07:32]

} {

[%emt 00:00:02]

} exd5 {

[%clk 00:00:26]

} {

[%emt 00:00:01]

} 34. Qb5 {

[%clk 00:07:11]

} {

[%emt 00:00:24]

} Rb4 {

[%clk 00:00:08]

} {

[%emt 00:00:21]

} 35. Qxd5+ {

[%clk 00:07:10]

} {

[%emt 00:00:03]

} Kf8 {

[%clk 00:00:10]

} {

[%emt 00:00:02]

} 36. Rd3 {

[%clk 00:06:45]

} {

[%emt 00:00:28]

} g6 {

[%clk 00:00:05]

} {

[%emt 00:00:08]

} 37. Rf3+ {

[%clk 00:06:32]

} {

[%emt 00:00:16]

} Kg7 {

[%clk 00:00:08]

} 38. e6 {

[%clk 00:06:32]

} {

[%emt 00:00:03]

} Kh6 {

[%emt 00:00:09]

} 1-0

[Event "Priit Leito Memorial Tournament"]
[Site "Tallinn, Paul Keres Chess House, Estonia"]
[Date "2023.02.04"]
[Round "5.6"]
[White "Kanep, Meelis"]
[Black "Pedosson, Georg Aleksander"]
[Result "1/2-1/2"]
[TimeControl " Rapid: 15 minutes for game with 3 seconds increment from move 1"]
[WhiteTitle "GM"]
[WhiteElo "2408"]
[BlackElo "2130"]

1. d4 {

[%clk 00:14:57]

} {

[%emt 00:00:08]

} Nf6 {

[%clk 00:15:01]

} {

[%emt 00:00:05]

} 2. Bg5 {

[%clk 00:14:58]

} {

[%emt 00:00:01]

} e6 {

[%clk 00:14:55]

} {

[%emt 00:00:10]

} 3. e4 {

[%clk 00:14:58]

} {

[%emt 00:00:02]

} h6 {

[%clk 00:14:53]

} {

[%emt 00:00:05]

} 4. Bxf6 {

[%clk 00:14:59]

} {

[%emt 00:00:02]

} Qxf6 {

[%clk 00:14:54]

} {

[%emt 00:00:03]

} 5. c3 {

[%clk 00:15:01]

} {

[%emt 00:00:01]

} d6 {

[%clk 00:14:48]

} {

[%emt 00:00:08]

} 6. Bd3 {

[%clk 00:15:00]

} {

[%emt 00:00:04]

} g6 {

[%clk 00:14:41]

} {

[%emt 00:00:11]

} 7. Ne2 {

[%clk 00:14:57]

} {

[%emt 00:00:05]

} Bg7 {

[%clk 00:14:38]

} {

[%emt 00:00:06]

} 8. O-O {

[%clk 00:14:52]

} {

[%emt 00:00:08]

} Qe7 {

[%clk 00:14:25]

} {

[%emt 00:00:16]

} 9. f4 {

[%clk 00:14:50]

} {

[%emt 00:00:04]

} O-O {

[%clk 00:11:10]

} {

[%emt 00:03:19]

} 10. Nd2 {

[%clk 00:14:26]

} {

[%emt 00:00:27]

} Nd7 {

[%clk 00:09:57]

} {

[%emt 00:01:17]

} 11. Kh1 {

[%clk 00:13:23]

} {

[%emt 00:01:05]

} f5 {

[%clk 00:09:28]

} {

[%emt 00:00:33]

} 12. Qb3 {

[%clk 00:13:06]

} {

[%emt 00:00:20]

} Kh7 {

[%clk 00:08:52]

} {

[%emt 00:00:39]

} 13. Rae1 {

[%clk 00:12:51]

} {

[%emt 00:00:17]

} Nf6 {

[%clk 00:07:45]

} {

[%emt 00:01:11]

} 14. Ng3 {

[%clk 00:12:28]

} {

[%emt 00:00:26]

} Qf7 {

[%clk 00:07:28]

} {

[%emt 00:00:21]

} 15. Nf3 {

[%clk 00:11:03]

} {

[%emt 00:01:27]

} a5 {

[%clk 00:06:07]

} {

[%emt 00:01:24]

} 16. Qc2 {

[%clk 00:08:10]

} {

[%emt 00:02:56]

} Bd7 {

[%clk 00:03:42]

} {

[%emt 00:02:28]

} 17. c4 {

[%clk 00:07:54]

} {

[%emt 00:00:18]

} fxe4 {

[%clk 00:02:57]

} {

[%emt 00:00:48]

} 18. Nxe4 {

[%clk 00:07:54]

} {

[%emt 00:00:02]

} Nxe4 {

[%clk 00:02:58]

} {

[%emt 00:00:02]

} 19. Bxe4 {

[%clk 00:07:50]

} {

[%emt 00:00:07]

} Bc6 {

[%clk 00:02:58]

} {

[%emt 00:00:04]

} 20. g3 {

[%clk 00:06:56]

} {

[%emt 00:00:56]

} Rae8 {

[%clk 00:02:00]

} {

[%emt 00:01:01]

} 21. h4 {

[%clk 00:05:40]

} {

[%emt 00:01:19]

} Bxe4 {

[%clk 00:01:57]

} {

[%emt 00:00:07]

} 22. Qxe4 {

[%clk 00:05:26]

} {

[%emt 00:00:16]

} Qf5 {

[%clk 00:01:58]

} {

[%emt 00:00:02]

} 23. Kg2 {

[%clk 00:05:04]

} {

[%emt 00:00:24]

} Qxe4 {

[%clk 00:01:23]

} {

[%emt 00:00:39]

} 24. Rxe4 {

[%clk 00:05:05]

} {

[%emt 00:00:02]

} d5 {

[%clk 00:01:25]

} {

[%emt 00:00:02]

} 25. cxd5 {

[%clk 00:04:37]

} {

[%emt 00:00:31]

} exd5 {

[%clk 00:01:26]

} {

[%emt 00:00:02]

} 26. Rxe8 {

[%clk 00:04:38]

} {

[%emt 00:00:02]

} Rxe8 {

[%clk 00:01:28]

} {

[%emt 00:00:01]

} 27. Ne5 {

[%clk 00:04:39]

} {

[%emt 00:00:01]

} Bxe5 {

[%clk 00:01:14]

} {

[%emt 00:00:18]

} 28. fxe5 {

[%clk 00:04:00]

} {

[%emt 00:00:42]

} Kg7 {

[%clk 00:01:11]

} {

[%emt 00:00:06]

} 29. Rc1 {

[%clk 00:03:26]

} {

[%emt 00:00:37]

} c6 {

[%clk 00:01:04]

} {

[%emt 00:00:10]

} 30. Rc5 {

[%clk 00:03:02]

} {

[%emt 00:00:27]

} Ra8 {

[%clk 00:01:06]

} {

[%emt 00:00:01]

} 31. Kf3 {

[%clk 00:02:58]

} {

[%emt 00:00:07]

} Kf7 {

[%clk 00:01:08]

} {

[%emt 00:00:01]

} 32. Ke3 {

[%clk 00:02:50]

} {

[%emt 00:00:10]

} Ke6 {

[%clk 00:01:09]

} {

[%emt 00:00:02]

} 33. Rc2 {

[%clk 00:02:43]

} {

[%emt 00:00:10]

} Rf8 {

[%clk 00:00:18]

} {

[%emt 00:00:54]

} 34. Ke2 {

[%clk 00:02:43]

} {

[%emt 00:00:02]

} Rf5 {

[%clk 00:00:12]

} {

[%emt 00:00:10]

} 35. Rc5 {

[%clk 00:02:29]

} {

[%emt 00:00:17]

} g5 {

[%clk 00:00:14]

} {

[%emt 00:00:01]

} 36. hxg5 {

[%clk 00:01:35]

} {

[%emt 00:00:57]

} Rxg5 {

[%clk 00:00:13]

} {

[%emt 00:00:04]

} 37. Kf3 {

[%clk 00:01:35]

} {

[%emt 00:00:02]

} Rh5 {

[%clk 00:00:06]

} {

[%emt 00:00:11]

} 38. Rxa5 {

[%clk 00:01:26]

} {

[%emt 00:00:12]

} Rh2 {

[%clk 00:00:08]

} 39. b3 {

[%clk 00:01:10]

} {

[%emt 00:00:19]

} Rd2 {

[%clk 00:00:10]

} {

[%emt 00:00:01]

} 40. Ke3 {

[%clk 00:01:07]

} {

[%emt 00:00:06]

} Rg2 {

[%clk 00:00:11]

} {

[%emt 00:00:02]

} 41. Kf3 {

[%clk 00:00:42]

} {

[%emt 00:00:28]

} Rd2 {

[%clk 00:00:13]

} 42. Ra7 {

[%clk 00:00:30]

} {

[%emt 00:00:15]

} Rxd4 {

[%clk 00:00:13]

} {

[%emt 00:00:03]

} 43. Rxb7 {

[%clk 00:00:30]

} {

[%emt 00:00:03]

} Kxe5 {

[%clk 00:00:15]

} 44. a4 {

[%clk 00:00:17]

} {

[%emt 00:00:15]

} Rd3+ {

[%clk 00:00:17]

} {

[%emt 00:00:01]

} 45. Kg4 {

[%clk 00:00:16]

} {

[%emt 00:00:04]

} c5 {

[%clk 00:00:13]

} {

[%emt 00:00:07]

} 46. a5 {

[%clk 00:00:13]

} {

[%emt 00:00:06]

} c4 {

[%clk 00:00:16]

} 47. a6 {

[%clk 00:00:05]

} {

[%emt 00:00:11]

} Rxb3 {

[%clk 00:00:10]

} {

[%emt 00:00:08]

} 48. Rxb3 {

[%clk 00:00:04]

} {

[%emt 00:00:04]

} cxb3 {

[%clk 00:00:13]

} 49. a7 {

[%clk 00:00:06]

} b2 {

[%clk 00:00:15]

} 50. a8=Q {

[%clk 00:00:07]

} {

[%emt 00:00:02]

} b1=Q {

[%clk 00:00:16]

} {

[%emt 00:00:02]

} 51. Qh8+ {

[%clk 00:00:08]

} {

[%emt 00:00:02]

} Kd6 {

[%clk 00:00:13]

} {

[%emt 00:00:06]

} 52. Qxh6+ {

[%clk 00:00:09]

} {

[%emt 00:00:02]

} Kc5 {

[%clk 00:00:15]

} {

[%emt 00:00:01]

} 53. Qf8+ {

[%clk 00:00:07]

} {

[%emt 00:00:05]

} Kd4 {

[%clk 00:00:16]

} {

[%emt 00:00:02]

} 54. Qf6+ {

[%clk 00:00:07]

} {

[%emt 00:00:04]

} Ke5 {

[%emt 00:00:04]

} 1/2-1/2

[Event "Priit Leito Memorial Tournament"]
[Site "Tallinn, Paul Keres Chess House, Estonia"]
[Date "2023.02.04"]
[Round "6.1"]
[White "Ehlvest, Jaan"]
[Black "Nyback, Tomi"]
[Result "1/2-1/2"]
[TimeControl " Rapid: 15 minutes for game with 3 seconds increment from move 1"]
[WhiteTitle "GM"]
[BlackTitle "GM"]
[WhiteElo "2494"]
[BlackElo "2572"]

1. d4 {

[%clk 00:15:04]

} Nf6 {

[%clk 00:15:05]

} {

[%emt 00:00:02]

} 2. c4 {

[%clk 00:15:01]

} {

[%emt 00:00:06]

} g6 {

[%clk 00:15:06]

} {

[%emt 00:00:02]

} 3. Nf3 {

[%clk 00:14:50]

} {

[%emt 00:00:13]

} Bg7 {

[%clk 00:15:07]

} {

[%emt 00:00:02]

} 4. e3 {

[%clk 00:14:51]

} {

[%emt 00:00:02]

} O-O {

[%clk 00:14:16]

} {

[%emt 00:00:54]

} 5. Be2 {

[%clk 00:14:53]

} {

[%emt 00:00:01]

} c5 {

[%clk 00:13:55]

} {

[%emt 00:00:24]

} 6. d5 {

[%clk 00:14:54]

} {

[%emt 00:00:02]

} d6 {

[%clk 00:13:53]

} {

[%emt 00:00:05]

} 7. Nc3 {

[%clk 00:14:53]

} {

[%emt 00:00:03]

} e6 {

[%clk 00:13:54]

} {

[%emt 00:00:02]

} 8. Nd2 {

[%clk 00:14:52]

} {

[%emt 00:00:04]

} Na6 {

[%clk 00:13:25]

} {

[%emt 00:00:33]

} 9. O-O {

[%clk 00:14:30]

} {

[%emt 00:00:24]

} Nc7 {

[%clk 00:13:23]

} {

[%emt 00:00:05]

} 10. e4 {

[%clk 00:14:26]

} {

[%emt 00:00:07]

} Re8 {

[%clk 00:12:49]

} {

[%emt 00:00:38]

} 11. f3 {

[%clk 00:14:08]

} {

[%emt 00:00:21]

} b6 {

[%clk 00:12:03]

} {

[%emt 00:00:49]

} 12. Kh1 {

[%clk 00:13:40]

} {

[%emt 00:00:30]

} Ba6 {

[%clk 00:11:42]

} {

[%emt 00:00:24]

} 13. a4 {

[%clk 00:10:06]

} {

[%emt 00:03:38]

} Nh5 {

[%clk 00:08:48]

} {

[%emt 00:02:56]

} 14. g3 {

[%clk 00:07:10]

} {

[%emt 00:02:59]

} exd5 {

[%clk 00:08:22]

} {

[%emt 00:00:29]

} 15. cxd5 {

[%clk 00:06:36]

} {

[%emt 00:00:36]

} Bxc3 {

[%clk 00:04:32]

} {

[%emt 00:03:53]

} 16. bxc3 {

[%clk 00:06:36]

} {

[%emt 00:00:04]

} Bxe2 {

[%clk 00:04:32]

} {

[%emt 00:00:03]

} 17. Qxe2 {

[%clk 00:06:37]

} {

[%emt 00:00:01]

} Nxd5 {

[%clk 00:04:32]

} {

[%emt 00:00:04]

} 18. Bb2 {

[%clk 00:04:59]

} {

[%emt 00:01:41]

} Qd7 {

[%clk 00:03:10]

} {

[%emt 00:01:25]

} 19. Qf2 {

[%clk 00:04:31]

} {

[%emt 00:00:30]

} Nc7 {

[%clk 00:02:54]

} {

[%emt 00:00:18]

} 20. c4 {

[%clk 00:04:32]

} {

[%emt 00:00:03]

} Ne6 {

[%clk 00:01:51]

} {

[%emt 00:01:06]

} 21. Rfd1 {

[%clk 00:03:57]

} {

[%emt 00:00:38]

} Nd4 {

[%clk 00:01:07]

} {

[%emt 00:00:48]

} 22. Nf1 {

[%clk 00:03:57]

} {

[%emt 00:00:03]

} f5 {

[%clk 00:00:51]

} {

[%emt 00:00:19]

} 23. Rxd4 {

[%clk 00:03:38]

} {

[%emt 00:00:22]

} cxd4 {

[%clk 00:00:52]

} {

[%emt 00:00:02]

} 24. Qxd4 {

[%clk 00:03:38]

} {

[%emt 00:00:03]

} Qg7 {

[%clk 00:00:38]

} {

[%emt 00:00:16]

} 25. Qd5+ {

[%clk 00:03:21]

} {

[%emt 00:00:20]

} Qf7 {

[%clk 00:00:39]

} {

[%emt 00:00:02]

} 26. Qd4 {

[%clk 00:03:21]

} {

[%emt 00:00:02]

} Qg7 {

[%clk 00:00:41]

} {

[%emt 00:00:01]

} 27. Qd5+ {

[%emt 00:00:01]

} 1/2-1/2

[Event "Priit Leito Memorial Tournament"]
[Site "Tallinn, Paul Keres Chess House, Estonia"]
[Date "2023.02.04"]
[Round "6.2"]
[White "Shirov, Alexei"]
[Black "Neiksans, Arturs"]
[Result "0-1"]
[TimeControl " Rapid: 15 minutes for game with 3 seconds increment from move 1"]
[WhiteTitle "GM"]
[BlackTitle "GM"]
[WhiteElo "2586"]
[BlackElo "2552"]

1. e4 {

[%clk 00:15:05]

} c5 {

[%clk 00:15:04]

} {

[%emt 00:00:03]

} 2. Nf3 {

[%clk 00:15:06]

} {

[%emt 00:00:01]

} e6 {

[%clk 00:15:05]

} {

[%emt 00:00:02]

} 3. d4 {

[%clk 00:15:07]

} {

[%emt 00:00:02]

} cxd4 {

[%clk 00:15:07]

} {

[%emt 00:00:02]

} 4. Nxd4 {

[%clk 00:15:08]

} {

[%emt 00:00:02]

} a6 {

[%clk 00:15:08]

} {

[%emt 00:00:02]

} 5. c4 {

[%clk 00:15:09]

} {

[%emt 00:00:01]

} Nf6 {

[%clk 00:15:04]

} {

[%emt 00:00:07]

} 6. Nc3 {

[%clk 00:15:05]

} {

[%emt 00:00:07]

} Qc7 {

[%clk 00:15:05]

} {

[%emt 00:00:02]

} 7. a3 {

[%clk 00:14:51]

} {

[%emt 00:00:17]

} b6 {

[%clk 00:15:02]

} {

[%emt 00:00:06]

} 8. Be3 {

[%clk 00:14:48]

} {

[%emt 00:00:06]

} Bb7 {

[%clk 00:15:01]

} {

[%emt 00:00:04]

} 9. f3 {

[%clk 00:14:46]

} {

[%emt 00:00:05]

} Nc6 {

[%clk 00:14:18]

} {

[%emt 00:00:47]

} 10. Na4 {

[%clk 00:14:43]

} {

[%emt 00:00:06]

} Rb8 {

[%clk 00:13:16]

} {

[%emt 00:01:05]

} 11. b4 {

[%clk 00:14:38]

} {

[%emt 00:00:07]

} Ne5 {

[%clk 00:12:20]

} {

[%emt 00:00:59]

} 12. Rc1 {

[%clk 00:14:06]

} {

[%emt 00:00:35]

} Ng6 {

[%clk 00:11:04]

} {

[%emt 00:01:19]

} 13. Be2 {

[%clk 00:11:41]

} {

[%emt 00:02:28]

} h5 {

[%clk 00:10:28]

} {

[%emt 00:00:39]

} 14. c5 {

[%clk 00:08:31]

} {

[%emt 00:03:13]

} b5 {

[%clk 00:10:26]

} {

[%emt 00:00:04]

} 15. Nc3 {

[%clk 00:08:32]

} {

[%emt 00:00:02]

} Be7 {

[%clk 00:09:27]

} {

[%emt 00:01:02]

} 16. O-O {

[%clk 00:08:32]

} {

[%emt 00:00:04]

} h4 {

[%clk 00:08:43]

} {

[%emt 00:00:47]

} 17. Bd3 {

[%clk 00:04:45]

} {

[%emt 00:03:49]

} Nh5 {

[%clk 00:07:15]

} {

[%emt 00:01:31]

} 18. Nce2 {

[%clk 00:04:20]

} {

[%emt 00:00:28]

} Ne5 {

[%clk 00:05:33]

} {

[%emt 00:01:46]

} 19. f4 {

[%clk 00:04:21]

} {

[%emt 00:00:02]

} Nxd3 {

[%clk 00:05:28]

} {

[%emt 00:00:07]

} 20. Qxd3 {

[%clk 00:04:23]

} {

[%emt 00:00:02]

} Nf6 {

[%clk 00:05:29]

} {

[%emt 00:00:02]

} 21. Nc3 {

[%clk 00:04:16]

} {

[%emt 00:00:09]

} h3 {

[%clk 00:04:51]

} {

[%emt 00:00:41]

} 22. g3 {

[%clk 00:04:16]

} {

[%emt 00:00:03]

} Rc8 {

[%clk 00:04:35]

} {

[%emt 00:00:19]

} 23. e5 {

[%clk 00:03:08]

} {

[%emt 00:01:11]

} Nd5 {

[%clk 00:04:19]

} {

[%emt 00:00:19]

} 24. c6 {

[%clk 00:02:19]

} {

[%emt 00:00:51]

} Nxc3 {

[%clk 00:03:29]

} {

[%emt 00:00:53]

} 25. Rxc3 {

[%clk 00:01:43]

} {

[%emt 00:00:39]

} Bxc6 {

[%clk 00:03:17]

} {

[%emt 00:00:14]

} 26. Rfc1 {

[%clk 00:01:30]

} {

[%emt 00:00:16]

} Qb7 {

[%clk 00:02:37]

} {

[%emt 00:00:43]

} 27. f5 {

[%clk 00:01:32]

} {

[%emt 00:00:01]

} O-O {

[%clk 00:02:25]

} {

[%emt 00:00:15]

} 28. Qc2 {

[%clk 00:00:35]

} {

[%emt 00:01:01]

} Be4 {

[%clk 00:02:13]

} {

[%emt 00:00:15]

} 29. Qf2 {

[%clk 00:00:34]

} {

[%emt 00:00:03]

} Rxc3 {

[%clk 00:02:03]

} {

[%emt 00:00:14]

} 30. Rxc3 {

[%clk 00:00:36]

} Rc8 {

[%clk 00:02:05]

} 31. Rxc8+ {

[%clk 00:00:33]

} {

[%emt 00:00:07]

} Qxc8 {

[%clk 00:02:06]

} {

[%emt 00:00:02]

} 32. f6 {

[%clk 00:00:34]

} {

[%emt 00:00:01]

} Bf8 {

[%clk 00:02:05]

} {

[%emt 00:00:04]

} 33. Qf4 {

[%clk 00:00:27]

} {

[%emt 00:00:10]

} Qc3 {

[%clk 00:01:53]

} {

[%emt 00:00:16]

} 34. Kf2 {

[%clk 00:00:29]

} {

[%emt 00:00:01]

} Qb2+ {

[%clk 00:01:48]

} {

[%emt 00:00:08]

} 35. Ne2 {

[%clk 00:00:29]

} {

[%emt 00:00:03]

} Bd3 {

[%clk 00:01:48]

} {

[%emt 00:00:04]

} 36. Qg4 {

[%clk 00:00:27]

} {

[%emt 00:00:04]

} Bxe2 {

[%clk 00:01:24]

} {

[%emt 00:00:28]

} 37. Qxe2 {

[%clk 00:00:28]

} {

[%emt 00:00:02]

} Qxe5 {

[%clk 00:01:25]

} {

[%emt 00:00:01]

} 38. fxg7 {

[%clk 00:00:30]

} {

[%emt 00:00:02]

} Bxg7 {

[%clk 00:01:26]

} {

[%emt 00:00:02]

} 39. Qg4 {

[%clk 00:00:28]

} {

[%emt 00:00:04]

} Qb2+ {

[%clk 00:01:16]

} {

[%emt 00:00:13]

} 40. Kf1 {

[%clk 00:00:24]

} {

[%emt 00:00:07]

} Qg2+ {

[%clk 00:00:56]

} {

[%emt 00:00:24]

} 41. Ke1 {

[%clk 00:00:26]

} {

[%emt 00:00:01]

} Qh1+ {

[%clk 00:00:58]

} 42. Kd2 {

[%clk 00:00:25]

} {

[%emt 00:00:03]

} Qxh2+ {

[%clk 00:00:59]

} {

[%emt 00:00:02]

} 43. Kd3 {

[%clk 00:00:27]

} {

[%emt 00:00:01]

} Qa2 {

[%clk 00:00:46]

} {

[%emt 00:00:16]

} 44. Kd4 {

[%emt 00:00:08]

} 0-1